|
|
|
|
| LEADER |
00000cam a2200000 a 4500 |
| 001 |
1/121425 |
| 008 |
200526s2002####gr |||||||||||||| ||gre|| |
| 040 |
|
|
|a GR-MyUa
|b gre
|c GR-MyUa
|e AACR2
|
| 041 |
0 |
|
|a gre
|
| 082 |
7 |
|
|a 938.11
|2 (23)
|
| 245 |
0 |
3 |
|a Το μαντείο του Ορφέα στη Λέσβο
|h [ανάτυπο] /
|c Χ. Β. Χαρίσης … [κ. ά.].
|
| 260 |
|
|
|a Μυτιλήνη :
|b [χ.ό.],
|c 2002.
|
| 300 |
|
|
|a 46 σ. :
|b εικ. ;
|c 24 εκ.
|
| 500 |
|
|
|a Ανάτυπο από το Δ' τόμο των Αιολικών Χρονικών 2002.
|
| 504 |
|
|
|a Περιλαμβάνει βιβλιογραφικές παραπομπές.
|
| 650 |
|
0 |
|a Antiquities
|z Greece
|z Lesbos Island.
|
| 700 |
1 |
|
|a Χαρίσης, Χ. Β.
|
| 852 |
|
|
|a INST
|b LESVOS
|e 20200526
|h 938.11 ΜΑΝ
|p 005100062416
|q 005100062416
|t BK
|y 0
|
| 920 |
|
|
|a Χαρίσης
|b Χ.
|y Λέσβος
|z 2003-06
|
| 970 |
|
|
|a Καμάτσου
|b Δέσποινα
|z 26-05-2020
|